Every Finnish goalie that has played in the NHL - Statistics

General Stats
  • This quiz has been taken 25 times
    9 since last reset
  • The average score is 14 of 42
Answer Stats
GP Answer % Correct
453 Juuse Saros
100%
623 Miikka Kiprusoff
89%
683 Pekka Rinne
89%
564 Tuukka Rask
89%
196 Kevin Lankinen
78%
277 Antti Raanta
67%
327 Joonas Korpisalo
67%
413 Niklas Bäckström
67%
178 Ukko-Pekka Luukkonen
56%
464 Antti Niemi
44%
140 Kaapo Kähkönen
44%
168 Mikko Koskinen
44%
266 Vesa Toskala
44%
157 Ville Husso
44%
15 Harri Säteri
33%
39 Jarmo Myllys
33%
71 Justus Annunen
33%
649 Kari Lehtonen
33%
142 Kari Takko
33%
34 Leevi Meriläinen
33%
234 Antero Niittymäki
22%
16 Christopher Gibson
22%
100 Fredrik Norrena
22%
76 Jani Hurme
22%
128 Jussi Markkanen
22%
159 Karri Rämö
22%
71 Mika Noronen
22%
125 Pasi Nurminen
22%
2 Eetu Mäkiniemi
11%
13 Hannu Kamppuri
11%
61 Hannu Toivonen
11%
15 Joel Blomqvist
11%
37 Joni Ortio
11%
92 Markus Mattsson
11%
1 Iiro Tarkki
0%
5 Jari Kaarela
0%
5 Jussi Rynnäs
0%
2 Kasimir Kaskisuo
0%
1 NIklas Kokko
0%
1 Riku Helenius
0%
5 Sami Aittokallio
0%
1 Veini Vehviläinen
0%
No matching quizzes found
Score Distribution
Percent of People with Each Score
Percentile by Number Answered
Your Score History
You have not taken this quiz since the last reset